<?xml version="1.0" encoding="UTF-8"?>
<collection xmlns:xsi="http://www.w3.org/2001/XMLSchema-instance" xsi:schemaLocation="http://www.loc.gov/MARC21/slim http://www.loc.gov/standards/marcxml/schema/MARC21slim.xsd" xmlns="http://www.loc.gov/MARC21/slim">
 <record>
  <leader>00000caa a22000003i 4500</leader>
  <controlfield tag="001">UP-1685594773861924208</controlfield>
  <controlfield tag="003">Buklod</controlfield>
  <controlfield tag="005">20130801143719.0</controlfield>
  <controlfield tag="006">g||| |     ||   ||</controlfield>
  <controlfield tag="007">ta</controlfield>
  <controlfield tag="008">171019s1980    enk     r    |||| u|eng d</controlfield>
  <datafield tag="035" ind1=" " ind2=" ">
   <subfield code="a">(iLib)UPBAG-00010993036</subfield>
  </datafield>
  <datafield tag="040" ind1=" " ind2=" ">
   <subfield code="a">BAG</subfield>
   <subfield code="e">rda</subfield>
  </datafield>
  <datafield tag="041" ind1="0" ind2=" ">
   <subfield code="a">eng</subfield>
  </datafield>
  <datafield tag="090" ind1=" " ind2="0">
   <subfield code="a">Circulation-Monograph</subfield>
  </datafield>
  <datafield tag="100" ind1="1" ind2=" ">
   <subfield code="a">Chambers, Robert</subfield>
   <subfield code="e">author.</subfield>
  </datafield>
  <datafield tag="245" ind1="1" ind2="0">
   <subfield code="a">Rapid rural appraisal</subfield>
   <subfield code="b">rational and repertoire</subfield>
   <subfield code="c">by Robert Chambers.</subfield>
  </datafield>
  <datafield tag="264" ind1=" " ind2="1">
   <subfield code="a">Brighton, UK</subfield>
   <subfield code="b">Institure of Development Studies</subfield>
   <subfield code="c">©1980.</subfield>
  </datafield>
  <datafield tag="300" ind1=" " ind2=" ">
   <subfield code="a">20 pages</subfield>
   <subfield code="c">21 cm</subfield>
  </datafield>
  <datafield tag="490" ind1="0" ind2=" ">
   <subfield code="a">Discussion Paper</subfield>
   <subfield code="v">155</subfield>
  </datafield>
  <datafield tag="500" ind1=" " ind2=" ">
   <subfield code="a">This paper was originally presented to the World Bank Agriculture Sector Symposia, January 1980, under the title &quot;Shortcut Methods in Information Gathering for Rural Development Projects&quot;.</subfield>
  </datafield>
  <datafield tag="504" ind1=" " ind2=" ">
   <subfield code="a">Includes bibliographical references (pages 12-15).</subfield>
  </datafield>
  <datafield tag="505" ind1="0" ind2=" ">
   <subfield code="a">The problem --Quick-and-dirty -- Long-and-dirty -- Fairly-quick-and-fairly-clean -- A start with a repertoire for RRA -- Existing formation -- Learning ITK -- Using key indicators -- Adaptations of Hildbrand's sondeo -- Local researchers -- Direct observation -- Key informants -- Group interviews -- The guided interview -- Aerial inspection and surveys -- Conclusions.</subfield>
  </datafield>
  <datafield tag="520" ind1=" " ind2=" ">
   <subfield code="a">This paper draws on the papers and discussions of a workshop and of a conference on Rapid Rural Appraisal (RRA). The rationale for RRA is the need in rural development for information that is relevant, timely, accurate and usable. Methods of gathering information are often inefficient, either 'quick-and dirty' as with much rural development tourism, or 'long-and-dirty' as with much conventional social science research. Methods involving trade-offs between relevance, accuracy, and the  rigour of greater cost-effectiveness. A repertoire of ten methods illustrates experience and timeliness tend not to be academically respectable, but have ,methods illustrating experience and scope. The key successful RRA is not avoiding superficiality and error, but rather controlling them to achieve cost-effectiveness through optimal ignorance and proportionate accuracy. Time is the most critical factor. Through its sparing demands RRA has potential for releasing time and resources to enable rural appraisers to devote more attention to the rural poor.</subfield>
  </datafield>
  <datafield tag="650" ind1=" " ind2="0">
   <subfield code="a">Participatory rural appraisal.</subfield>
  </datafield>
  <datafield tag="650" ind1=" " ind2="0">
   <subfield code="a">Social sciences</subfield>
   <subfield code="z">Developing Countries</subfield>
   <subfield code="x">Statistical methods..</subfield>
  </datafield>
  <datafield tag="650" ind1=" " ind2="0">
   <subfield code="a">Rural development</subfield>
   <subfield code="x">Evaluation.</subfield>
  </datafield>
  <datafield tag="905" ind1=" " ind2=" ">
   <subfield code="a">FO</subfield>
  </datafield>
  <datafield tag="852" ind1="0" ind2=" ">
   <subfield code="a">UPBAG</subfield>
   <subfield code="b">UPBAG-MAIN</subfield>
   <subfield code="h">Circulation-Monograph</subfield>
  </datafield>
  <datafield tag="942" ind1=" " ind2=" ">
   <subfield code="a">Analytics</subfield>
  </datafield>
 </record>
</collection>
